Una visita guidata /

Gespeichert in:
Bibliographische Detailangaben
1. Verfasser: Bennett, Alan, (1934- ) (Verfasst von)
Weitere Verfasser: Di Gregorio, Andrea, (1961- ) (Übersetzung)
Format: Buch
Sprache:Italienisch
Veröffentlicht: Milano : Adelphi, 2008
Schriftenreihe:Biblioteca minima ; 22
Schlagworte:
Tags: Tag hinzufügen
Keine Tags, Fügen Sie das erste Tag hinzu!

MARC

LEADER 00000nam a22000007i 4500
001 IT\ICCU\TO0\1657698
003 ItRI
005 20260115232106.0
008 080515s2008 it |||||| |||||0|||||c
020 |a 9788845922732 
040 |b ita  |c importazione bologna sebina 
041 7 |a ita  |2 ISO-639-2 
082 |a 750.1  |9 Pittura. Filosofia e teoria  |2 20 
100 1 |a Bennett, Alan,  |d  (1934- )  |0 IT\ICCU\MILV\115080  |4 aut 
240 1 0 |a Going to the pictures  |3 IT\ICCU\PAL\0215181  |9 Bennett, Alan <1934- > 
245 1 4 |a Una visita guidata /  |c Alan Bennett ; traduzione di Andrea Di Gregorio. 
260 |a Milano :  |b Adelphi,  |c 2008 
300 |a 43 p., [4] c. di tav. :  |b ill. ;  |c 17 cm 
650 7 |a Pittura  |x Apprezzamento 
700 1 |a Di Gregorio, Andrea,  |d  (1961- )  |0 IT\ICCU\RAVV\072815  |4 trl 
830 0 |a Biblioteca minima ;  |v 22  |0 IT\ICCU\RMS\1550239 
942 |2 ddc  |c BK  |n 0 
952 |0 0  |1 0  |4 0  |6 DOC_750_110000000000000_BEN  |7 0  |9 19903  |a BO  |b BO  |d 2026-01-15  |i 12927  |l 0  |o DOC 750.11 BEN  |p BO12927  |r 2026-01-15 23:21:06  |w 2026-01-15  |x [Sebina 5] [1 v.]  |y BK  |z 1 v. 
999 |c 16969  |d 16969